000
00208 a2200097 4500
001
47317
100
_a
Murphy R
245
_a
Diplomat among warriors
260
_a
London
_b
Collins
_c
090
_c
30354
_d
30354
942
_a
NUST-CAE
_c
M
_c
22619
999
_c
282390
_d
282390